[Event "Barcelona Navidad Amateurs 2nd"]
[Site "Barcelona"]
[Date "2018.12.30"]
[Round "4.5"]
[White "Ruiz Serra, Guillem"]
[Black "Cabrera Marmol, Manel"]
[Result "0-1"]
[WhiteElo "1658"]
[BlackElo "1990"]
[PlyCount "122"]
[EventDate "2018.12.27"]
[EventType "swiss"]
[EventRounds "9"]
[EventCountry "ESP"]
[SourceTitle "EXT 2024"]
[Source "ChessBase"]
[SourceDate "2023.10.10"]
[SourceVersion "1"]
[SourceVersionDate "2023.10.10"]
[SourceQuality "1"]

1. e4 e5 2. Nf3 Nf6 3. Nxe5 d6 4. Nf3 Nxe4 5. Nc3 Nxc3 6. dxc3 Be7 7. Bd3 Nc6 8. Bf4 Bg4 9. Be2 Qd7 10. h3 Bf5 11. Bd3 0-0-0 12. Qd2 Rde8 13. 0-0-0 Bf6 14. Rhe1 Bxd3 15. Rxe8+ Rxe8 16. Qxd3 h6 17. Be3 Ne5 18. Nxe5 Bxe5 19. Bd4 Qa4 20. Qf5+ Qd7 21. Qd3 g6 22. Be3 h5 23. f4 Bg7 24. Bd4 Bxd4 25. cxd4 Qe6 26. d5 Qe3+ 27. Qxe3 Rxe3 28. Rf1 Kd7 29. Kd2 Re4 30. Kd3 Re7 31. g4 hxg4 32. hxg4 c5 33. b3 b5 34. c4 a6 35. Rf3 Re1 36. Rf2 Rg1 37. g5 Rg3+ 38. Kc2 bxc4 39. bxc4 Re3 40. Kb2 Kc7 41. f5 Re7 42. fxg6 fxg6 43. Rf6 Rg7 44. Re6 Kd7 45. Kb3 Rg8 46. a4 a5 47. Kb2 Rb8+ 48. Kc3 Rb4 49. Rxg6 Rxa4 50. Kb3 Rb4+ 51. Kc3 a4 52. Re6 Rb3+ 53. Kc2 Rg3 54. g6 a3 55. Re1 Rxg6 56. Ra1 Rg4 57. Kb3 Rg3+ 58. Kc2 Kc7 59. Rc1 Rg2+ 60. Kb3 Rg3+ 61. Ka2 Kb6 0-1